Rents, fund raising, swaps (Record no. 84013)

MARC details
000 -LEADER
fixed length control field 00745cad a22001935a 4500
001 - CONTROL NUMBER
control field L156439
008 - FIXED-LENGTH DATA ELEMENTS--GENERAL INFORMATION
fixed length control field 120522e2012 xxk 000 0 eng d
035 ## - SYSTEM CONTROL NUMBER
System control number (Sirsi) u156439
041 0# - LANGUAGE CODE
Language code of text/sound track or separate title eng
110 2# - MAIN ENTRY--CORPORATE NAME
Corporate name or jurisdiction name as entry element EuroProperty
9 (RLIN) 1216
245 00 - TITLE STATEMENT
Title Rents, fund raising, swaps
260 ## - PUBLICATION, DISTRIBUTION, ETC.
Date of publication, distribution, etc. 2012
490 #0 - SERIES STATEMENT
Series statement EuroProperty
Volume/sequential designation 14 May 2012, 22(1)
520 ## - SUMMARY, ETC.
Summary, etc. The markets enjoyed a relatively quiet period in April 2012. Higher liquidity pushed Eurobor rates lower while the bond markets await French election results. Tables cover prime European rents/yields Q1 2012; EuroProperty capital raising update; and swap rates and projected Euribor interest rate.
590 ## - LOCAL NOTE (RLIN)
Local note KA
651 #4 - SUBJECT ADDED ENTRY--GEOGRAPHIC NAME
Geographic name Europe
690 ## - LOCAL SUBJECT ADDED ENTRY--TOPICAL TERM (OCLC, RLIN)
Topical term or geographic name as entry element Commercial property
9 (RLIN) 6227
942 ## - ADDED ENTRY ELEMENTS (KOHA)
Suppress in OPAC 0
Holdings
Withdrawn status Lost status Source of classification or shelving scheme Damaged status Not for loan Home library Current library Shelving location Date acquired Total Checkouts Full call number Barcode Date last seen Copy number Price effective from Koha item type
    Dewey Decimal Classification     Virtual Virtual Online 22/05/2012   L156439 156439-4001 06/08/2019 1 06/08/2019 Book